000 00473nam a22001697a 4500
003 MPLRDC
005 20220104164343.0
008 210129b ||||| |||| 00| 0 eng d
082 _a752.7 THO v.2
100 _aJOSEPH J. THORNDIKE
245 _aGUIDE TO THE UNITED STATES: ARKANSAS. CALIFORNIA. COLORADO
_c
260 _a
_bDELL PUBLISHING CO.,
_c1965
300 _b
490 _aGUIDE TO THE UNITED STATES
650 _a美国地方志
942 _cBK
_o752.7 THO v.2
999 _c56922
_d56912